| 000 | 00640cam a2200145 4500500 | ||
|---|---|---|---|
| 005 | 20260208005832.0 | ||
| 041 | _afre | ||
| 042 | _adc | ||
| 100 | 1 | 0 |
_aMattiussi, Laurent _eauthor |
| 245 | 0 | 0 | _aALFRED GLAUSER, Écriture et désécriture du texte poétique. De Maurice Scève à Saint-John Perse. Saint-Genouph, Librairie Nizet, 2002. Un vol. 13 × 21 de 162 p. |
| 260 | _c2005. | ||
| 500 | _a80 | ||
| 786 | 0 | _nRevue d'histoire littéraire de la France | 105 | 4 | 2005-10-01 | p. 1031d-1076d | 0035-2411 | |
| 856 | 4 | 1 | _uhttps://shs.cairn.info/revue-d-histoire-litteraire-de-la-france-2005-4-page-1031d?lang=fr&redirect-ssocas=7080 |
| 999 |
_c1654037 _d1654037 |
||